Science, engineering, and sustainable development : (Record no. 51718)
[ view plain ]
| 000 -LEADER | |
|---|---|
| fixed length control field | 00720nam a2200229Ia 4500 |
| 005 - DATE AND TIME OF LATEST TRANSACTION | |
| control field | 20260429111958.0 |
| 008 - FIXED-LENGTH DATA ELEMENTS--GENERAL INFORMATION | |
| fixed length control field | 260429s9999||||xx |||||||||||||| ||und|| |
| 020 ## - INTERNATIONAL STANDARD BOOK NUMBER | |
| International Standard Book Number | 9783110757491 |
| 041 ## - LANGUAGE CODE | |
| Language | English |
| 082 ## - DEWEY DECIMAL CLASSIFICATION NUMBER | |
| Classification number | 628 |
| Item number | KRU |
| 100 ## - MAIN ENTRY--PERSONAL NAME | |
| Personal name | Krueger, Robert |
| 245 #0 - TITLE STATEMENT | |
| Title | Science, engineering, and sustainable development : |
| Remainder of title | cases in planning, health, agriculture, and the environment / |
| Statement of responsibility, etc | Robert Krueger |
| 260 ## - PUBLICATION, DISTRIBUTION, ETC. (IMPRINT) | |
| Place of publication, distribution, etc | Germany : |
| Name of publisher, distributor, etc | De Gruyter, |
| Date of publication, distribution, etc | 2024. |
| 300 ## - PHYSICAL DESCRIPTION | |
| Extent | xi, 253 p.; pbk |
| 440 ## - SERIES STATEMENT/ADDED ENTRY--TITLE | |
| Title | Integrated global STEM; 1 |
| 650 ## - SUBJECT ADDED ENTRY--TOPICAL TERM | |
| Topical term or geographic name as entry element | Sustainable development |
| 650 ## - SUBJECT ADDED ENTRY--TOPICAL TERM | |
| Topical term or geographic name as entry element | Sustainable environment |
| 650 ## - SUBJECT ADDED ENTRY--TOPICAL TERM | |
| Topical term or geographic name as entry element | Sanitary engineering |
| 700 ## - ADDED ENTRY--PERSONAL NAME | |
| Personal name | Soboyejo, Wole |
| 700 ## - ADDED ENTRY--PERSONAL NAME | |
| Personal name | Telliel, Yunus |
| 942 ## - ADDED ENTRY ELEMENTS (KOHA) | |
| Koha item type | Text Books |
| Withdrawn status | Lost status | Damaged status | Not for loan | Collection code | Home library | Location | Shelving location | Date of Cataloging | Source of acquisition | Total Checkouts | Full call number | Barcode | Date last seen | Price effective from | Koha item type |
|---|---|---|---|---|---|---|---|---|---|---|---|---|---|---|---|
| Non-fiction | CUTN Central Library | CUTN Central Library | Medicine, Technology & Management | 29/04/2026 | Feel Books, Chennai - Invoice No. BRL/CRB/25-26/568 on 13-02-2026 | 628 KRU | 56747 | 29/04/2026 | 29/04/2026 | Text Books |
